The ministry of angels and the ministry of believers. (Record no. 14249)

000 -LEADER
fixed length control field 00603nam a2200205 a 4500
001 - CONTROL NUMBER
control field :::00012078$&:&@@
003 - CONTROL NUMBER IDENTIFIER
control field OkBaRHE
005 - DATE AND TIME OF LATEST TRANSACTION
control field 20000607103415.0
008 - FIXED-LENGTH DATA ELEMENTS--GENERAL INFORMATION
fixed length control field s1977 j 000 0 eng u
040 ## - CATALOGING SOURCE
Transcribing agency
100 1# - MAIN ENTRY--PERSONAL NAME
Personal name Gossett, Don.
245 14 - TITLE STATEMENT
Title The ministry of angels and the ministry of believers.
260 ## - PUBLICATION, DISTRIBUTION, ETC. (IMPRINT)
Place of publication, distribution, etc Tulsa, OK., :
Name of publisher, distributor, etc Harrison House
Date of publication, distribution, etc c1977
300 ## - PHYSICAL DESCRIPTION
Extent 32 p. ;
Dimensions 21 cm.
650 ## - SUBJECT ADDED ENTRY--TOPICAL TERM
Topical term or geographic name as entry element Angels
650 ## - SUBJECT ADDED ENTRY--TOPICAL TERM
Topical term or geographic name as entry element Church Work
650 ## - SUBJECT ADDED ENTRY--TOPICAL TERM
Topical term or geographic name as entry element Pentecostalism
942 ## - ADDED ENTRY ELEMENTS (KOHA)
Source of classification or shelving scheme
Koha item type Books
Copies
Date acquired Permanent Location Full call number Damaged status Date last seen Barcode Not for loan Koha item type Price effective from Source of classification or shelving scheme Lost status Shelving location Copy number Withdrawn status
2010-04-14RHEMA Bible Training CollegeBX 8789 .G6M5 2010-04-1412078 Books2010-04-14  General Stacks1